| 000 | 00660nam a2200217Ia 4500 | ||
|---|---|---|---|
| 005 | 20250508165809.0 | ||
| 008 | 008 250505s9999 xx 000 0 eng d | ||
| 020 | _a978-93-85068-83-6 | ||
| 037 | _aTextBook | ||
| 040 |
_aFEDL _beng _cFEDL |
||
| 041 |
_aeng _2eng |
||
| 084 |
_a371.1, PAR/R _qFEDL |
||
| 100 |
_aParimala D Ed. _939319 |
||
| 245 | 0 | _aDiversity in teacher education: A global perspective | |
| 260 |
_aNew Delhi, India _bKanishka Publishers _c2011 |
||
| 300 | _axvii, 206p. | ||
| 365 |
_aINR _b550 |
||
| 546 | _aAcc. No. 91215 is gifted book by Prof. Krishna Kumar | ||
| 942 |
_cTB _h371.1, PAR/R |
||
| 999 |
_c1397506 _d1397506 |
||